000 00320nam a22000977a 4500
008 160314b xxu||||| |||| 00| 0 eng d
100 _aMuller-Mark, Ewald
245 _aAlt-Deutschland unter der Lupe - I. Baden
260 _aBerlin, Germany
_beE. Muller-Mark
650 _aGerman States | Germany | Germany -- Baden (1851-1872)
999 _c1821
_d1821